| 000 | 00588nam a22001937a 4500 | ||
|---|---|---|---|
| 003 | OSt | ||
| 005 | 20140310181756.0 | ||
| 008 | 130629t xxu||||| |||| 00| 0 eng d | ||
| 020 | _a9718907009 | ||
| 050 |
_aPZ 9 _b.R721 1993 |
||
| 082 |
_aFIL 920.808 _bR63 1993 |
||
| 100 | _a Rogacion, Rosana C. | ||
| 245 |
_aGreat kids! : _ba retelling of stories about Filipino heroes when they were children / _cRosana C. Rogacion |
||
| 260 |
_aManila, Philippines : _bElysian Publication, _cc1993. |
||
| 300 |
_a63 p. : _bcol. ill. ; _c24 cm. |
||
| 562 | _e1 | ||
| 942 |
_2lcc _cBK |
||
| 999 |
_c3438 _d3438 |
||